01430nam a2200301Ia 450000500170000000800410001702000150005804100080007308200180008110000220009924500940012125000220021526400260023730000410026333600270030433700330033133800280036449000150039250000210040750400270042852004140045565000650086965000570093465000320099165000260102370000440104904000350109320220316235318.0121119s1999 ck a gr 000 0 spa  a95804505871 aspa04a028.909bM15h1 aManguel, Alberto,10aUna historia de la lecturacAlberto Manguel ; traducción de José Luis López Muñoz aPrimera edición 1aBogotábNormac1999 a477 páginasbilustracionesc21 cm. atextobtxt2rdacontent asin mediaciónbn2rdamedia avolumenbnc2rdacarrier0 aLiteratura aIncluye índice aIncluye bibliografía2 aEn una historia de la lectura Alberto Manguel sigue el caprichoso y apasionante laberinto de los 6.000 años de palabra escrita. Es un entretenido ensayo sobre el papel del lector, hasta ahora el gran olvidado de la historia de la literatura, desde las tablillas sumerias de arcilla al CD-Rom. Se trata de una deliciosa mezcla de estudios clásicos, psicología, historia, anécdotas, memorias, fantasía142LEMBaLibros y lecturaxHistoriavEnsayos, conferencias etc.142LEMBaLecturaxHistoriavEnsayos, conferencias, etc.142LEMBaBiblioteca y sociedad142LEMBaLibroxHistoria1 aLópez Muñoz, José Luisetraductor aCO-BoRNBPbspaerdacCO-BoRNBP